ELEMENTS OF PHARMACOLOGY (Record no. 7980)

MARC details
000 -LEADER
fixed length control field 00434nam a22001697a 4500
005 - DATE AND TIME OF LATEST TRANSACTION
control field 20230217130911.0
008 - FIXED-LENGTH DATA ELEMENTS--GENERAL INFORMATION
fixed length control field 220225b ||||| |||| 00| 0 eng d
020 ## - INTERNATIONAL STANDARD BOOK NUMBER
ISBN 81-8416-031-3
041 ## - LANGUAGE CODE
Language code of text/sound track or separate title eng
082 ## - DEWEY DECIMAL CLASSIFICATION NUMBER
Classification number 610 GOY-E
100 ## - MAIN ENTRY--AUTHOR NAME
Personal name GOYAL, DR. RAMESH K.
245 ## - TITLE STATEMENT
Title ELEMENTS OF PHARMACOLOGY
260 ## - PUBLICATION, DISTRIBUTION, ETC. (IMPRINT)
Place of publication AHMEDABAD
Name of publisher B.S.SHAH PRAKASHAN
300 ## - PHYSICAL DESCRIPTION
Number of Pages 612;p
650 ## - SUBJECT ADDED ENTRY--TOPICAL TERM
Topical Term PHARMACY
General subdivision B.PHARMA & D.PHARMA
942 ## - ADDED ENTRY ELEMENTS (KOHA)
Koha item type Books
Holdings
Lost status Damaged status Collection code Home library Current library Shelving location Date acquired Source of acquisition Cost, normal purchase price Full call number Accession Number Koha item type
    PHARMACY JRU Library JRU Library Shelf - 21- C 25/02/2022 PURCHESS 695.00 615.1 26690 Books
    Reference JRU Library JRU Library SHELF-9-A 25/02/2022 PURCHASE 695.00 615.1 26686 Books
    PHARMACY JRU Library JRU Library Shelf - 21- C 25/02/2022 PURCHASE 695.00 615.1 26687 Books
    PHARMACY JRU Library JRU Library Shelf - 21- C 25/02/2022 PURCHASE 695.00 615.1 26688 Books
    PHARMACY JRU Library JRU Library Shelf - 21- C 25/02/2022 PURCHASE 695.00 615.1 26689 Books
    PHARMACY JRU Library JRU Library Shelf - 21- D 11/02/2023 LOHIA BOOK INTERNATIONAL 825.00 610 GOY-E 27535 Books
    PHARMACY JRU Library JRU Library Shelf - 21- D 11/02/2023 LOHIA BOOK INTERNATIONAL 825.00 610 GOY-E 27536 Books
    PHARMACY JRU Library JRU Library Shelf - 21- D 11/02/2023 LOHIA BOOK INTERNATIONAL 825.00 610 GOY-E 27537 Books
    PHARMACY JRU Library JRU Library Shelf - 21- D 11/02/2023 LOHIA BOOK INTERNATIONAL 825.00 610 GOY-E 27538 Books
    PHARMACY JRU Library JRU Library Shelf - 21- D 11/02/2023 LOHIA BOOK INTERNATIONAL 825.00 610 GOY-E 27539 Books